Marketing : (Record no. 346364)
[ view plain ]
| 000 -LEADER | |
|---|---|
| fixed length control field | 00974 a2200205 4500 |
| 020 ## - INTERNATIONAL STANDARD BOOK NUMBER | |
| International Standard Book Number | 039536938X |
| 020 ## - INTERNATIONAL STANDARD BOOK NUMBER | |
| International Standard Book Number | 9780395369388 |
| 090 ## - LOCALLY ASSIGNED LC-TYPE CALL NUMBER (OCLC); LOCAL CALL NUMBER (RLIN) | |
| -- | 3903 |
| -- | 3903 |
| 100 1# - MAIN ENTRY--PERSONAL NAME | |
| Personal name | Pride, William M. |
| 245 10 - TITLE STATEMENT | |
| Title | Marketing : |
| Remainder of title | basic concepts and decisions / |
| Statement of responsibility, etc. | William M. Pride. |
| 250 ## - EDITION STATEMENT | |
| Edition statement | 6th ed. |
| 260 ## - PUBLICATION, DISTRIBUTION, ETC. | |
| Place of publication, distribution, etc. | [S.l.] : |
| Name of publisher, distributor, etc. | Houghton Mifflin Harcourt (HMH), |
| Date of publication, distribution, etc. | 1989. |
| 300 ## - PHYSICAL DESCRIPTION | |
| Extent | 818 p. ; |
| Dimensions | 26 cm. |
| 500 ## - GENERAL NOTE | |
| General note | Hardcover. |
| 520 ## - SUMMARY, ETC. | |
| Summary, etc. | Derived from the American text by Pride and Ferrell, this marketing textbook features integration of product and market examples, statistics and practices. The coverage, examples, cases and updates are addressed to the contemporary European student. Ancillary package available upon adoption. |
| 700 1# - ADDED ENTRY--PERSONAL NAME | |
| Personal name | Ferrell, O.C. |
| 856 40 - ELECTRONIC LOCATION AND ACCESS | |
| Materials specified | Amazon.com |
| Uniform Resource Identifier | <a href="http://www.amazon.com/exec/obidos/ASIN/039536938X/chopaconline-20">http://www.amazon.com/exec/obidos/ASIN/039536938X/chopaconline-20</a> |
| 856 40 - ELECTRONIC LOCATION AND ACCESS | |
| Materials specified | Amazon customer reviews |
| Uniform Resource Identifier | <a href="http://www.chopac.org/cgi-bin/tools/azrev.pl?q=039536938X">http://www.chopac.org/cgi-bin/tools/azrev.pl?q=039536938X</a> |
| 942 ## - ADDED ENTRY ELEMENTS (KOHA) | |
| Institution code [OBSOLETE] | NBS |
| Koha item type | Book |
| Call number prefix | 658.8005 PRI |
| Withdrawn status | Lost status | Damaged status | Not for loan | Permanent Location | Current Location | Date acquired | Total Checkouts | Full call number | Barcode | Date last seen | Date last checked out | Price effective from | Koha item type |
|---|---|---|---|---|---|---|---|---|---|---|---|---|---|
| Central Library (CL) | Central Library (CL) | 08/28/2013 | 1 | 658.8005 PRI | NBS3115 | 06/16/2017 | 02/17/2017 | 08/28/2013 | Book |
